| 000 | 00569nam a2200241Ia 4500 | ||
|---|---|---|---|
| 005 | 20250425161907.0 | ||
| 008 | 250425s9999 xx 000 0 und d | ||
| 020 | _a0256217238 | ||
| 041 | _aeng | ||
| 082 | _a658.45 | ||
| 100 | _aARGENTI, PAUL A. | ||
| 245 | 0 | _aCORPORATE COMMUNICATION | |
| 250 | _a2ND ED. | ||
| 260 |
_aEstados Unidos _bIRWIN MC GRAWHILL _c1998 |
||
| 260 | _aS.L. | ||
| 300 | _a258 | ||
| 650 | _aADMINISTRACION | ||
| 650 | _aCOMUNICACIONES | ||
| 650 | _aORGANIZACION | ||
| 710 | _aIRWIN MCGRAW-HILL | ||
| 942 | _c01 | ||
| 010 | _a34055 | ||
| 999 |
_c218289 _d218289 |
||